000 00681nam a2200217Ia 4500
001 15126
003 GE_BSU
008 181216s||||||||xx |||||||||||||| ||und||
040 _cGE_BSU
080 _a517.55
100 _aВладимиров,В,С
245 _aМетоды теории функций многих комплексных переменных
245 _cРед:И,Т,Тодоров
260 _aМосква
260 _bНаука
260 _c1964
300 _a411стр,20см
300 _bбиблиог,стр 408-411
653 _aМетоды теории функций многих комплексных переменных
942 _cBK
999 _c48242
_d48242